| 000 | 00622pam a2200229 a 4500 | ||
|---|---|---|---|
| 001 | 2877687 | ||
| 005 | 20180105050617.0 | ||
| 008 | 860304s1987 mdua b 001 0 eng c | ||
| 010 | _a 86005587 | ||
| 020 | _a0683077503 | ||
| 040 |
_aDNLM/DLC _cDLC _dDLC |
||
| 041 | _aeng | ||
| 060 | _aWO 450 A5787 | ||
| 080 | _a617.9682 SHNI | ||
| 082 | 0 | 0 |
_a617.9682 SHNI _219 |
| 100 | _a10 | ||
| 101 | _aGJIN | ||
| 245 | 0 | 0 |
_aAnesthesia for obstetrics / _cedited by Sol M. Shnider, Gershon Levinson. |
| 504 | _aIncludes bibliographies and index. | ||
| 906 |
_a7 _bcbc _corignew _d1 _eocip _f19 _gy-gencatlg |
||
| 942 |
_2ddc _cBK |
||
| 999 |
_c39792 _d39792 |
||